| 000 | 00620cab a2200217 4500 | ||
|---|---|---|---|
| 001 | X98762 | ||
| 008 | 090401t1999 xxu||||| |||| 00| 0 eng d | ||
| 035 | _a(Sirsi) u93500 | ||
| 041 | _aeng | ||
| 245 | _aRating: non domestic rates | ||
| 260 | _c1999 | ||
| 350 | _a0 | ||
| 490 |
_aEstates Gazette Case Summaries _v[1999] EGCS 68 (15 May 1999) (1) |
||
| 650 | _aCROYDON LBC V MAXON SYSTEMS INCORPORATED (LONDON) LTD | ||
| 650 | _aEXCLUSIVE OCCUPATION | ||
| 650 | _aLOCAL GOVERNMENT FINANCE ACT 1988 S43 | ||
| 650 | _aNON DOMESTIC RATING | ||
| 690 | _aRATING AND VALUATION | ||
| 942 | _n0 | ||
| 948 | _c20/05/1999 | ||
| 999 |
_c59250 _d59250 |
||